000 004230000a22001570004500
005 20120302062638.0
942 _cBOOK
100 _a WHEELER, ELMER
245 _a HOW TO TAP YOUR HIDDEN SOURCES OF ENERGY
250 _a 1ST
260 _aBOMBAY: WILCO PUBLISHING HOUSE,1974
300 _a272 P.
040 _aENG
365 _b
650 _aSANKIRNA/ SELF IMPROVEMENT/ ENERGY SOURCE/ PHOBIA/ SELF CONFIDENCE
999 _c357275
_d357272